| 000 | 01021cam a22002651 4500 | ||
|---|---|---|---|
| 001 | l 39000121 | ||
| 003 | DLC | ||
| 005 | 20260227111537.0 | ||
| 008 | 720908s1939 xx 000 0 eng | ||
| 010 | _al 39000121 | ||
| 035 | _a(OCoLC)401941 | ||
| 040 |
_aDLC _cOClU _dDLC |
||
| 042 | _apremarc | ||
| 050 | 0 | 0 |
_aHD6093 _b.A35 no. 161 |
| 110 | 1 |
_aUnited States. _bWomen's Bureau. |
|
| 245 | 1 | 0 |
_aWomen at work; _ba century of industrial change... _cUnited States Department of Labor. Women's Bureau... |
| 260 |
_aWashington, _bU.S.Govt.Print.Off., _c1939. |
||
| 300 |
_aiii,80p. _billus. _c18cm. |
||
| 490 | 1 |
_aIts Bulletin _vno. 161 |
|
| 500 | _a"Written originally in 1933 by Eleanor Nelson... The present thorough revision as of early 1939, with a few later references, is the work of Rebecca Farnham."- p.ii. | ||
| 650 | 0 |
_aWomen _xEmployment _zUnited States. |
|
| 700 | 1 |
_aNelson, Eleanor, _d1906- |
|
| 700 | 1 |
_aFarnham, Rebecca Tufts, _d1903- |
|
| 810 | 1 |
_aUnited States. _bWomen's Bureau. _tBulletin _vno. 161. |
|
| 999 |
_c36310 _d36310 |
||